The applied theory of price / (Record no. 20088)
[ view plain ]
| 000 -LEADER | |
|---|---|
| fixed length control field | 00926cam a2200289 a 4500 |
| 001 - CONTROL NUMBER | |
| control field | 20088 |
| 003 - CONTROL NUMBER IDENTIFIER | |
| rucl marc code | BD-RjUL |
| 005 - DATE AND TIME OF LATEST TRANSACTION | |
| control field | 20211209000523.0 |
| 008 - FIXED-LENGTH DATA ELEMENTS--GENERAL INFORMATION | |
| fixed length control field | 140226s1982 nyua b 001 0 eng d |
| 020 ## - INTERNATIONAL STANDARD BOOK NUMBER | |
| International Standard Book Number | 0023794208 |
| 035 ## - SYSTEM CONTROL NUMBER | |
| System control number | (BD-RjUL)20150 |
| 040 ## - CATALOGING SOURCE | |
| Original cataloging agency | DLC |
| Transcribing agency | DLC |
| Modifying agency | DLC |
| -- | BD-RjUL |
| Language of cataloging | eng |
| 041 ## - LANGUAGE CODE | |
| Language code of text/sound track or separate title | eng |
| 082 00 - DEWEY DECIMAL CLASSIFICATION NUMBER | |
| Classification number | 338.521 |
| Edition number | 19 |
| Author mark and year | MCA 1982 |
| 100 1# - MAIN ENTRY--PERSONAL NAME | |
| Personal name | McCloskey, Deirdre N. |
| 9 (RLIN) | 61856 |
| 245 14 - TITLE STATEMENT | |
| Title | The applied theory of price / |
| Statement of responsibility, etc. | Donald N. McCloskey. |
| 260 ## - PUBLICATION, DISTRIBUTION, ETC. (IMPRINT) | |
| Place of publication, distribution, etc. | New York : |
| Name of publisher, distributor, etc. | Macmillan Pub. Co. ; |
| Place of publication, distribution, etc. | London : |
| Name of publisher, distributor, etc. | Collier Macmillan Publishers, |
| Date of publication, distribution, etc. | c1982. |
| 300 ## - PHYSICAL DESCRIPTION | |
| Pagination | xv, 574 p. : |
| Illustrations | ill. ; |
| Size | 24 cm. |
| 504 ## - BIBLIOGRAPHY, ETC. NOTE | |
| Bibliography, etc | Includes bibliographical references and index. |
| 650 #0 - SUBJECT ADDED ENTRY--TOPICAL TERM | |
| Topical term or geographic name as entry element | Microeconomics. |
| 9 (RLIN) | 61857 |
| Topical term or geographic name as entry element | Prices. |
| 9 (RLIN) | 61858 |
| Topical term or geographic name as entry element | Microeconomics |
| General subdivision | Problems, exercises, etc. |
| 9 (RLIN) | 7939 |
| Topical term or geographic name as entry element | Prices |
| General subdivision | Problems, exercises, etc. |
| 9 (RLIN) | 61859 |
| 942 ## - ADDED ENTRY ELEMENTS (KOHA) | |
| Source of classification or shelving scheme | Dewey Decimal Classification |
| Koha item type | Books |
| Lost status | Source of classification or shelving scheme | Damaged status | Not for loan | Collection code | Permanent Location | Current Location | Shelving location | Date acquired | Source of acquisition | Cost, normal purchase price | Total Checkouts | Full call number | Date last seen | Copy number | Koha item type |
|---|---|---|---|---|---|---|---|---|---|---|---|---|---|---|---|
| Dewey Decimal Classification | Non-fiction | Central Library, University of Rajshahi | Central Library, University of Rajshahi | 01/08/1985 | Toppom Tafp | 27.95 | 338.521 MCA 1982 | 26/02/2014 | C-3 | Books | |||||
| Dewey Decimal Classification | Non-fiction | Central Library, University of Rajshahi | Central Library, University of Rajshahi | 01/08/1985 | Toppan Tulip | 27.95 | 338.521 MCA 1982 | 18/07/2016 | C-2 | Books | |||||
| Dewey Decimal Classification | Non-fiction | Central Library, University of Rajshahi | Central Library, University of Rajshahi | 01/08/1985 | Toppan Tulip | 27.95 | 338.521 MCA 1982 | 18/07/2016 | C-4 | Books | |||||
| Dewey Decimal Classification | Non-fiction | Central Library, University of Rajshahi | Central Library, University of Rajshahi | 01/08/1985 | Toppan Tulip | 27.95 | 338.521 MCA 1982 | 18/07/2016 | C-5 | Books | |||||
| Dewey Decimal Classification | Non-fiction | Central Library, University of Rajshahi | Central Library, University of Rajshahi | 01/08/1985 | Toppan Tulip | 27.95 | 338.521 MCA 1982 | 18/07/2016 | C-6 | Books | |||||
| Dewey Decimal Classification | Non-fiction | Central Library, University of Rajshahi | Central Library, University of Rajshahi | 01/08/1985 | Toppan Tulip | 27.95 | 338.521 MCA 1982 | 18/07/2016 | C-7 | Books | |||||
| Dewey Decimal Classification | Non-fiction | Central Library, University of Rajshahi | Central Library, University of Rajshahi | 01/08/1985 | Toppan Tulip | 27.95 | 338.521 MCA 1982 | 18/07/2016 | C-8 | Books |